[Event "Tarragona Province-chA"]
[Site "L'Hospitalet Infant"]
[Date "2016.10.02"]
[Round "1"]
[White "Domingo Basora, Sergi"]
[Black "Pino Munoz, Francisca"]
[Result "0-1"]
[WhiteElo "2025"]
[BlackElo "1765"]
[PlyCount "80"]
[EventDate "2016.10.02"]
[EventType "swiss"]
[EventRounds "9"]
[EventCountry "ESP"]
[SourceTitle "EXT 2018"]
[Source "ChessBase"]
[SourceDate "2017.10.13"]
[SourceVersion "1"]
[SourceVersionDate "2017.10.13"]
[SourceQuality "1"]

1. d4 d5 2. c4 c6 3. Nc3 Nf6 4. Bf4 e6 5. e3 Bb4 6. a3 Bd6 7. Bxd6 Qxd6 8. c5 Qc7 9. f4 Nbd7 10. Nf3 0-0 11. Bd3 h6 12. 0-0 Ng4 13. Qe1 f5 14. h3 Ngf6 15. Qh4 Ne4 16. g4 Rf6 17. Bxe4 dxe4 18. g5 hxg5 19. fxg5 Rg6 20. Nd2 Qd8 21. Ndxe4 fxe4 22. Nxe4 Nf6 23. Nd6 Nh7 24. Nf7 Qe7 25. Qe4 Rxg5+ 26. Nxg5 Qxg5+ 27. Kh2 Nf6 28. Qf3 Bd7 29. Rg1 Qh6 30. Raf1 Rf8 31. Qg3 e5 32. Rf3 Ng4+ 33. Kg2 Rxf3 34. Qxf3 Nxe3+ 35. Kf2 exd4 36. Qg3 Nf5 37. Qb8+ Kh7 38. Re1 Qh4+ 39. Ke2 d3+ 40. Kd1 Qa4+ 0-1

[Event "Amposta Balague Memorial 3rd"]
[Site "Amposta"]
[Date "2016.08.04"]
[Round "5"]
[White "Pino Munoz, Francisca"]
[Black "Ramos Lor, Josep"]
[Result "0-1"]
[WhiteElo "1780"]
[BlackElo "1977"]
[PlyCount "80"]
[EventDate "2016.08.01"]
[EventType "swiss"]
[EventRounds "9"]
[EventCountry "ESP"]
[SourceTitle "CBM 173 Extra"]
[Source "ChessBase"]
[SourceDate "2016.08.29"]
[SourceVersion "1"]
[SourceVersionDate "2016.08.29"]
[SourceQuality "1"]

1. e4 e5 2. Nf3 Nc6 3. Bb5 a6 4. Ba4 d6 5. c3 f5 6. exf5 Bxf5 7. d3 Nf6 8. Bg5 Be7 9. 0-0 b5 10. Bc2 0-0 11. Nbd2 d5 12. Re1 Qd6 13. Bh4 Nd7 14. Bg3 Qf6 15. Qe2 Bd6 16. Bb3 Be6 17. Bh4 Qg6 18. Ng5 Na5 19. Nxe6 Qxe6 20. Bc2 Rae8 21. Bg3 Qf7 22. b4 Nb7 23. Bb3 c6 24. Ne4 Kh8 25. Nd2 Qg6 26. Bc2 Nd8 27. Rac1 Nf7 28. Nf3 Ng5 29. Nxg5 Qxg5 30. Rf1 Nf6 31. Rcd1 Nh5 32. Qd2 Qg4 33. h3 Qd7 34. Bh2 Nf4 35. Bxf4 Rxf4 36. Rde1 Bc7 37. Re2 Re6 38. Re3 Bb6 39. d4 e4 40. Bd1 Bc7 0-1

[Event "Amposta Balague Memorial 3rd"]
[Site "Amposta"]
[Date "2016.08.03"]
[Round "4"]
[White "Biosca Caballe, Nestor"]
[Black "Pino Munoz, Francisca"]
[Result "1-0"]
[WhiteElo "1984"]
[BlackElo "1780"]
[PlyCount "88"]
[EventDate "2016.08.01"]
[EventType "swiss"]
[EventRounds "9"]
[EventCountry "ESP"]
[SourceTitle "CBM 173 Extra"]
[Source "ChessBase"]
[SourceDate "2016.08.29"]
[SourceVersion "1"]
[SourceVersionDate "2016.08.29"]
[SourceQuality "1"]

1. e4 c5 2. Nf3 d6 3. d4 cxd4 4. Nxd4 Nf6 5. Nc3 a6 6. f3 g6 7. Be3 Bg7 8. Qd2 Nc6 9. 0-0-0 Bd7 10. g4 Rc8 11. h4 Qa5 12. Kb1 Nxd4 13. Bxd4 Be6 14. a3 b5 15. g5 Nh5 16. Bxg7 Nxg7 17. Qd4 0-0 18. Bh3 Rc4 19. Qd2 Rfc8 20. Nd5 Qd8 21. c3 Bxh3 22. Rxh3 a5 23. Ne3 R4c5 24. Rh2 Nh5 25. Ng4 b4 26. cxb4 axb4 27. Qd4 Ng7 28. Qxb4 Qc7 29. Qb3 Ne6 30. f4 Rc1+ 31. Ka2 Rxd1 32. Qxd1 Qc4+ 33. Ka1 Qxe4 34. f5 Qf4 35. Nh6+ Kf8 36. Re2 Nc5 37. b4 Nb3+ 38. Kb2 Nc5 39. bxc5 Rb8+ 40. Ka2 dxc5 41. Qd5 e6 42. Qxc5+ Ke8 43. Qc6+ Ke7 44. f6+ Kf8 1-0

[Event "Tarragona Province-ch"]
[Site "Tarragona"]
[Date "2015.09.27"]
[Round "1"]
[White "Pino Munoz, Francisca"]
[Black "Pujol Codinach, Eduard"]
[Result "1/2-1/2"]
[WhiteElo "1963"]
[BlackElo "2133"]
[PlyCount "87"]
[EventDate "2015.09.27"]
[EventType "swiss"]
[EventRounds "9"]
[EventCountry "ESP"]
[SourceTitle "EXT 2017"]
[Source "ChessBase"]
[SourceDate "2016.10.25"]
[SourceVersion "1"]
[SourceVersionDate "2016.10.25"]
[SourceQuality "1"]

1. e4 c5 2. Nc3 e6 3. Bb5 a6 4. Be2 Nc6 5. f4 g6 6. Nf3 Bg7 7. 0-0 Nge7 8. d3 0-0 9. Be3 Nd4 10. Rb1 b5 11. Qd2 Bb7 12. Nd1 Qc7 13. c3 Nxe2+ 14. Qxe2 c4 15. Nf2 cxd3 16. Qxd3 d5 17. e5 Qc4 18. Qxc4 dxc4 19. Nd4 Rfd8 20. Rbd1 Rd7 21. Nc2 Rad8 22. Rxd7 Rxd7 23. Rd1 Rxd1+ 24. Nxd1 Be4 25. Nd4 Bf8 26. Nf2 Bb7 27. Ng4 Nd5 28. Nf6+ Nxf6 29. exf6 h5 30. g3 Bd6 31. Kf2 e5 32. fxe5 Bxe5 33. Bg5 Kf8 34. Nf3 Bc7 35. Be3 Bxf3 36. Kxf3 Ke8 37. Ke4 Kd7 38. Kd5 h4 39. Bf2 hxg3 40. hxg3 Bd6 41. Be1 Bb8 42. Bf2 Bc7 43. g4 Bf4 44. Bd4 1/2-1/2

[Event "Catalunya-ch (Women) 73rd"]
[Site "Platja d'Aro"]
[Date "2015.04.03"]
[Round "1"]
[White "Pino Munoz, Francisca"]
[Black "Martin Perez, Laura"]
[Result "0-1"]
[WhiteElo "1936"]
[BlackElo "2212"]
[PlyCount "58"]
[EventDate "2015.04.03"]
[EventType "swiss"]
[EventRounds "5"]
[EventCountry "CAT"]
[SourceTitle "CBM 165 Extra"]
[Source "ChessBase"]
[SourceDate "2015.04.21"]
[SourceVersion "1"]
[SourceVersionDate "2015.04.21"]
[SourceQuality "1"]

1. e4 c5 2. Nc3 g6 3. Bc4 Bg7 4. d3 Nc6 5. Nge2 e6 6. 0-0 Nge7 7. f4 0-0 8. Be3 Nd4 9. a4 a6 10. Rb1 d6 11. Qd2 Rb8 12. Ng3 b5 13. axb5 axb5 14. Ba2 b4 15. Nce2 b3 16. cxb3 Nxb3 17. Bxb3 Rxb3 18. Rfc1 Ba6 19. Nc3 Qb6 20. e5 dxe5 21. Nge4 exf4 22. Bxc5 Qb7 23. d4 Rd8 24. Nd6 Qb8 25. Qxf4 Nf5 26. Nde4 Bd3 27. Ra1 Bxe4 28. Qxe4 Nd6 29. Ra7 Nxe4 0-1